000 00993nam a2200289 a 4500
001 000046517
003 DO-SdBNP
005 20250120095707.0
007 ta
008 150821s2015 dr 000 0 spa d
020 _a9789945408959
040 _aDO-SdBNP
_bspa
_cBNPHU
_erda
041 _hspa
100 1 _aVirginia Elena, Ortea
_eautor
_974503
245 1 0 _aCrónica puertoplateña :
_binterview interesante /
_cVirginia Elena Ortea ; introducción Ylonka Nacidit Perdomo.
246 1 3 _binterview interesante de Virginia Elena Ortea
264 _aSanto Domingo :
_bargos,
_c2015.
300 _a31 páginas :
_bilustraciones, retratos. ;
_c22 cm.
336 _ardacontent
_btexto
_2txt
337 _ardamedia
_bsin mediación
_2n
338 _ardacarrier
_bvolumen
_2nc
500 _aIncluye referencias bibliográficas y notas al pie de las página
590 _aInventariado, 2024/DG
700 1 2 _aNacidit Perdomo, Ylonka
_eintroducción
_923142
910 _aDG
942 _2ddc
_cLBS1
999 _c46006
_d46006